000 00204nam a22000857a 4500
008 170614b xxu||||| |||| 00| 0 eng d
100 _93396
_aNCERT
245 _aMathematics - X
260 _aNew Delhi
_bA. I
_c2009
999 _c6756
_d6756